| Tag |
First Indicator |
Second Indicator |
Subfields |
| LEADER |
00000cam a2200000 a 4500 |
| 001 |
in00002249257 |
| 005 |
20201103120355.0 |
| 008 |
050420s2006 nyu 000 f eng |
| 010 |
|
|
|a 2005010882
|
| 035 |
|
|
|a (OCoLC)ocm59401818
|
| 035 |
|
|
|a (OCoLC)59401818
|
| 040 |
|
|
|a DLC
|b eng
|c DLC
|d YDX
|d BAKER
|d IK2
|d VP@
|d NLGGC
|d BTCTA
|d YDXCP
|d JTH
|d CQU
|d O2H
|d LEB
|d WAU
|d OCLCF
|d P4I
|d OCLCO
|d NOC
|d ZCU
|d OCLCQ
|d NZRPM
|d OCLCO
|d OCL
|d KPLCP
|d SFR
|d OCLCA
|d MZ3
|d OCL
|d HCO
|d INT
|d OCLCQ
|d UTP
|d LF8
|d OCLCO
|d LIQ
|d OCLCA
|d TXA
|
| 019 |
|
|
|a 760103070
|a 1007385967
|a 1013452347
|a 1022640983
|a 1029340805
|a 1101154214
|
| 020 |
|
|
|a 0316060194
|
| 020 |
|
|
|a 9780316060196
|
| 035 |
|
|
|a (OCoLC)59401818
|z (OCoLC)760103070
|z (OCoLC)1007385967
|z (OCoLC)1013452347
|z (OCoLC)1022640983
|z (OCoLC)1029340805
|z (OCoLC)1101154214
|
| 043 |
|
|
|a n-us-ca
|
| 050 |
0 |
0 |
|a PS3561.E365
|b M9 2006
|
| 082 |
0 |
0 |
|a 813/.54
|2 22
|
| 049 |
|
|
|a TXAM
|
| 100 |
1 |
|
|a Keenan, Joe,
|d 1958-
|e author.
|
| 245 |
1 |
0 |
|a My lucky star :
|b a novel /
|c Joe Keenan.
|
| 250 |
|
|
|a First edition.
|
| 264 |
|
1 |
|a New York :
|b Little, Brown and Company,
|c 2006.
|
| 300 |
|
|
|a 361 pages ;
|c 25 cm
|
| 336 |
|
|
|a text
|b txt
|2 rdacontent
|
| 337 |
|
|
|a unmediated
|b n
|2 rdamedia
|
| 338 |
|
|
|a volume
|b nc
|2 rdacarrier
|
| 520 |
|
|
|a Struggling playwrights Philip and Claire are summoned to Tinseltown by their calculating friend Gilbert to be screenwriters for a legendary diva, Diana Malenfant, and her megastar son, Stephen Donato. When the budding screenwriters are revealed as inadvertent plagiarists, Philip is forced to ghostwrite the memoirs of Diana's toxic has-been sister, Lily, and turn over all potentially damaging pages to Diana and Stephen.
|
| 586 |
|
|
|a LAMBDA Literary Award, humor, 2006.
|
| 500 |
|
|
|a The Cushing Library/Women & Gender Studies copy was acquired as part of The Don Kelly Research Collection of Gay Literature and Culture.
|5 TXA
|
| 500 |
|
|
|a The Cushing Library/Women & Gender Studies copy is inscribed by the author.
|
| 650 |
|
0 |
|a Screenwriters
|v Fiction.
|
| 650 |
|
0 |
|a Motion picture actors and actresses
|v Fiction.
|
| 651 |
|
0 |
|a Hollywood (Los Angeles, Calif.)
|v Fiction.
|
| 650 |
|
0 |
|a Authorship
|x Collaboration
|v Fiction.
|
| 650 |
|
0 |
|a Autobiography
|x Authorship
|v Fiction.
|
| 650 |
|
0 |
|a Motion picture industry
|v Fiction.
|
| 650 |
|
0 |
|a Closeted gays
|v Fiction.
|
| 650 |
|
0 |
|a Ghostwriters
|v Fiction.
|
| 650 |
|
0 |
|a Gay men
|v Fiction.
|
| 650 |
|
1 |
|a Authorship
|x Collaboration
|v Fiction.
|
| 650 |
|
7 |
|a Authorship
|x Collaboration.
|2 fast
|0 (OCoLC)fst00822444
|
| 650 |
|
7 |
|a Autobiography
|x Authorship.
|2 fast
|0 (OCoLC)fst00822600
|
| 650 |
|
7 |
|a Closeted gays.
|2 fast
|0 (OCoLC)fst00864637
|
| 650 |
|
7 |
|a Gay men.
|2 fast
|0 (OCoLC)fst00939117
|
| 650 |
|
7 |
|a Ghostwriters.
|2 fast
|0 (OCoLC)fst00942442
|
| 650 |
|
7 |
|a Motion picture actors and actresses.
|2 fast
|0 (OCoLC)fst01027096
|
| 650 |
|
7 |
|a Motion picture industry.
|2 fast
|0 (OCoLC)fst01027150
|
| 650 |
|
7 |
|a Screenwriters.
|2 fast
|0 (OCoLC)fst01109351
|
| 651 |
|
7 |
|a California
|z Los Angeles
|z Hollywood.
|2 fast
|0 (OCoLC)fst01312041
|
| 655 |
|
4 |
|a Humorous fiction.
|
| 655 |
|
7 |
|a Fiction.
|2 fast
|0 (OCoLC)fst01423787
|
| 655 |
|
7 |
|a Humorous fiction.
|2 fast
|0 (OCoLC)fst01726649
|
| 655 |
|
7 |
|a Thrillers (Fiction)
|2 fast
|0 (OCoLC)fst01726755
|
| 655 |
|
7 |
|a Humorous fiction.
|2 gsafd
|
| 655 |
|
7 |
|a Suspense fiction.
|2 gsafd
|
| 655 |
|
7 |
|a Humorous fiction.
|2 lcgft
|
| 655 |
|
7 |
|a Thrillers (Fiction)
|2 lcgft
|
| 655 |
|
7 |
|a Gay fiction.
|2 lcgft
|
| 945 |
|
|
|a PromptCat
|b 174781
|
| 946 |
|
|
|a stk
|
| 947 |
|
|
|a A14836168427
|
| 948 |
|
|
|a cataloged
|b h
|c 2007/7/11
|d c
|e dmartine
|f 5:24:30 pm
|
| 994 |
|
|
|a C0
|b TXA
|
| 948 |
|
|
|a updated
|b h
|c 2020/11/3
|d c
|e nbehmer
|f 12:02:55 pm
|
| 999 |
f |
f |
|s 10ba79ed-e8bd-3d12-809a-7efe47b2927a
|i 34a1dca7-51da-3222-9c38-cd52cd280977
|t 0
|
| 952 |
f |
f |
|p normal
|a Texas A&M University
|b College Station
|c Sterling C. Evans Library
|s Evans stk
|d Evans: Library Stacks
|t 0
|e PS3561.E365 M9 2006
|h Library of Congress classification
|i unmediated -- volume
|m A14836168427
|
| 998 |
f |
f |
|a PS3561.E365 M9 2006
|t 0
|l Evans: Library Stacks
|